В деревне (Запись № 4482023)

Подробности
000 -МАРКЕР
контрольное поле 01623nam0a2200361 i 4500
001 - ИДЕНТИФИКАТОР ЗАПИСИ
контрольное поле RU\NLR\bibl\2028137
005 - ИДЕНТИФИКАТОР ВЕРСИИ
контрольное поле 20260409072324.0
010 ## - МЕЖДУНАРОДНЫЙ СТАНДАРТНЫЙ НОМЕР КНИГИ (ISBN)
Номер (ISBN) 9785358124387
Тираж 2000
021 ## - НОМЕР ГОСУДАРСТВЕННОЙ РЕГИСТРАЦИИ
Код страны Российская Федерация
Номер 2013-27010
Номер Листа государственной регистраци 1868
035 ## - ДРУГИЕ СИСТЕМНЫЕ НОМЕРА
Идентификатор записи (NLR Aleph) 002016075
100 ## - ДАННЫЕ ОБЩЕЙ ОБРАБОТКИ
Данные общей обработки 20130425d2013 u y0rusy50 ca
101 0# - ЯЗЫК РЕСУРСА
Язык текста, звукозаписи и т.д. русский
102 ## - СТРАНА ПУБЛИКАЦИИ ИЛИ ПРОИЗВОДСТВА
Страна публикации Российская Федерация
105 ## - ПОЛЕ КОДИРОВАННЫХ ДАННЫХ: ТЕКСТОВЫЕ МАТЕРИАЛЫ, МОНОГРАФИЧЕСКИЕ
Кодированные данные о монографическом текстовом документе a |||||||||
200 1# - ЗАГЛАВИЕ И СВЕДЕНИЯ ОБ ОТВЕТСТВЕННОСТИ
Основное заглавие В деревне
Сведения, относящиеся к заглавию [для дошкольного возраста
-- соответствует Федеральным государственным требованиям]
Первые сведения об ответственности Елена Запесочная
Последующие сведения об ответственности [ил. авт.]
210 ## - ПУБЛИКАЦИЯ, РАСПРОСТРАНЕНИЕ И ДР.
Место издания, распространения и т.д. Москва
Имя издателя, распространителя и т. д. Дрофа
Дата издания, распространения и т.д. 2013
215 ## - ФИЗИЧЕСКАЯ ХАРАКТЕРИСТИКА
Специфическое обозначение материала и объем [1], 16, [1] с.
Другие сведения о физической характеристике цв. ил.
Размеры 26
225 1# - СЕРИЯ
Основное заглавие серии Образовательные области ФГТ
225 1# - СЕРИЯ
Основное заглавие серии Вокруг есть мир!
225 1# - СЕРИЯ
Основное заглавие серии Диалог
Наименование части Программно-методический комплекс
333 ## - ПРИМЕЧАНИЯ ОБ ОСОБЕННОСТЯХ РАСПРОСТРАНЕНИЯ И ИСПОЛЬЗОВАНИЯ
Текст примечания 0 +
606 ## - НАИМЕНОВАНИЕ ТЕМЫ КАК ПРЕДМЕТ
Наименование темы Дошкольники
Тематический подзаголовок Ознакомление с окружающей жизнью
Идентификатор авторитетной/нормативной записи RU\NLR\auth\66999152
Системный номер авторитетной/нормативной записи 1593269
686 ## - ИНДЕКСЫ ДРУГИХ КЛАССИФИКАЦИЙ
Индекс Ч491.31-1
700 #1 - ИМЯ ЛИЦА - ПЕРВИЧНАЯ ОТВЕТСТВЕННОСТЬ
Код отношения Автор
Материалы, к которым относится поле rus
Графика поля Кириллица
Начальный элемент ввода Запесочная
Часть имени, кроме начального элемента ввода Е. А.
Дополнения к именам, кроме дат художник
Расширение инициалов личного имени Елена Алексеевна
Идентификатор авторитетной/нормативной записи RU\NLR\auth\7774422
Системный номер авторитетной/нормативной записи 57350
702 #1 - ИМЯ ЛИЦА - ВТОРИЧНАЯ ОТВЕТСТВЕННОСТЬ
Код отношения Иллюстратор
Материалы, к которым относится поле rus
Графика поля Кириллица
Начальный элемент ввода Запесочная
Часть имени, кроме начального элемента ввода Е. А.
Дополнения к именам, кроме дат художник
Расширение инициалов личного имени Елена Алексеевна
Идентификатор авторитетной/нормативной записи RU\NLR\auth\7774422
Системный номер авторитетной/нормативной записи 57350
801 #0 - ИСТОЧНИК ЗАПИСИ
Страна Российская Федерация
Организация NLR
Дата составления 20130425
Правила каталогизации RCR
801 #1 - ИСТОЧНИК ЗАПИСИ
Страна Российская Федерация
Организация NLR
Дата составления 20130425
830 ## - ОБЩЕЕ ПРИМЕЧАНИЕ, СОСТАВЛЕННОЕ КАТАЛОГИЗАТОРОМ
Текст примечания авт. по базе
942 ## - ДОПОЛНИТЕЛЬНЫЕ ЭЛЕМЕНТЫ ЗАПИСИ (АБИС)
Тип экземпляра АБИС Книга
980 ## - КОЛЛЕКЦИЯ
Название коллекции НБР

Нет доступных экземпляров.